Impact evaluation in practice
Guardado en:
| Autor principal: | |
|---|---|
| Formato: | Libro |
| Lenguaje: | inglés |
| Publicado: |
Washington
<The> World Bank
2016
|
| Edición: | 2nd edition |
| Materias: | |
| Etiquetas: |
Sin Etiquetas, Sea el primero en etiquetar este registro!
|
MARC
| LEADER | 00000nam a2200000 4500 | ||
|---|---|---|---|
| 001 | 0237545 | ||
| 005 | 20240313133012.7 | ||
| 020 | |a 978-1-4648-0779-4 | ||
| 041 | 0 | |a eng | |
| 044 | |a US | ||
| 245 | 1 | 0 | |a Impact evaluation in practice |c Paul J. Gertler... [et al.] |
| 250 | |a 2nd edition | ||
| 264 | 1 | |a Washington |b <The> World Bank |c 2016 | |
| 300 | |a 335 s. | ||
| 610 | 2 | 0 | |a ohodnocovanie |
| 610 | 2 | 0 | |a evidencia |
| 610 | 2 | 0 | |a štúdie |
| 610 | 2 | 0 | |a teórie ekonomické |
| 610 | 2 | 0 | |a ukazovatele |
| 610 | 2 | 0 | |a dáta |
| 610 | 2 | 0 | |a odhady |
| 610 | 2 | 0 | |a metódy ohodnocovania |
| 610 | 2 | 0 | |a kalkulácia |
| 100 | 1 | |a Gertler, Paul J. | |